000 00439nam a2200157Ia 4500
003 OSt
005 20201027125638.0
008 190216s9999||||xx |||||||||||||| ||und||
040 _coclc
082 _a823
_bBUC/P
100 _aBuchan, John
_94852
245 4 _aThe Path Of The King /
_cJohn Buchan
260 _bThomas Patrick Hughes,
_c1950.
_aLondon:
300 _a287p
942 _cBK
_2ddc
_h823
_iBUC/P
_k823
_mBUC/P
999 _c11636
_d11636